| 000 | 00437nam a22001457a 4500 | ||
|---|---|---|---|
| 999 |
_c17192 _d17192 |
||
| 008 | 180917b xxu||||| |||| 00| 0 eng d | ||
| 020 | _a0750669209 | ||
| 050 |
_aHD62.5 _b.L69 2006 c.1 |
||
| 100 | _aLowe, Robin | ||
| 245 |
_aEnterprise:Entrepreneurship and Innovation _bConcepts, Contexts and Commercialization _cRobin Lowe |
||
| 260 |
_aUSA _bElsevier _c2006 |
||
| 300 | _axxv, 444p. | ||
| 650 | _aEntrepreneurship | ||
| 942 |
_2lcc _cBK |
||